| 000 | 00732nam a2200217 i 4500 | ||
|---|---|---|---|
| 001 | 52894 | ||
| 003 | ES-MaACL | ||
| 005 | 20230906162650.0 | ||
| 007 | t| | ||
| 008 | 030905s1908 fr ||||1| fre d | ||
| 100 | 1 |
_aDelacroix, Henri. _943287 |
|
| 245 | 1 | 0 |
_aÉtudes d'histoire et de psychologie du mysticisme _b: les grands mystiques chrétiens / _cpar Henri Delacroix. |
| 260 |
_aParis : _bFélix Alcan, _c1908 ( _eChartres : _fDurand) |
||
| 300 |
_aXIX, 470 p. ; _c22 cm. |
||
| 490 | 1 | _aBibliothèque de philosophie contemporaine | |
| 504 | _aBibliografía p. 465-470. | ||
| 650 |
_aMisticismo. _915086 |
||
| 830 | 0 |
_aBibliothèque de philosophie contemporaine _9181027 |
|
| 852 |
_aES-MaACL _jB-6334 |
||
| 999 |
_c52894 _d52894 |
||